[Event "EWCCC Online Preliminary-C 2020"]
[Site "Online"]
[Date "2020.12.19"]
[Round "5.1"]
[White "Heric, Meta"]
[Black "Schoene, Maria"]
[Result "0-1"]
[WhiteElo "1318"]
[BlackElo "2204"]
[Annotator "NA"]
[PlyCount "86"]
[EventDate "2020.12.19"]
[EventType "team-tourn"]
[EventCountry "NET"]
[SourceTitle "playchess.com"]
[Source "ChessBase"]
[SourceQuality "1"]
[TimeControl "900+5"]

1. e4 {[%emt 0:00:00]} c5 {[%emt 0:00:03]} 2. Nc3 {[%emt 0:00:10]} Nc6 {[%emt 0:00:15]} 3. f4 {[%emt 0:00:11]} d6 {[%emt 0:00:13]} 4. Nf3 {[%emt 0:00:04]} g6 {[%emt 0:00:06]} 5. Bb5 {[%emt 0:00:04]} Bg7 {[%emt 0:00:09]} 6. Bxc6+ {[%emt 0:00:16]} bxc6 {[%emt 0:00:03]} 7. O-O {[%emt 0:00:06]} e6 {[%emt 0:01:11]} 8. d3 {[%emt 0:00:09]} Ne7 {[%emt 0:00:05]} 9. Qe1 {[%emt 0:00:05]} O-O {[%emt 0:01:13]} 10. Qg3 {[%emt 0:00:18]} f5 {[%emt 0:00:17]} 11. e5 {[%emt 0:00:22]} d5 {[%emt 0:00:33]} 12. Qh3 {[%emt 0:00:19]} d4 {[%emt 0:00:09]} 13. Ne2 {[%emt 0:00:19]} Nd5 {[%emt 0:00:02]} 14. g4 {[%emt 0:00:34]} Qe7 {[%emt 0:00:52]} 15. c3 {[%emt 0:02:35]} Ba6 {[%emt 0:01:20]} 16. c4 {[%emt 0:01:43]} Ne3 {[%emt 0:00:04]} 17. Bxe3 {[%emt 0:00:04]} dxe3 {[%emt 0:00:02]} 18. Qg3 {[%emt 0:00:16]} Rfd8 {[%emt 0:00:23]} 19. Rad1 {[%emt 0:00:16]} Rd7 {[%emt 0:00:36]} 20. h4 {[%emt 0:00:16]} Rad8 {[%emt 0:00:33]} 21. h5 {[%emt 0:00:34]} fxg4 {[%emt 0:00:46]} 22. Qxg4 {[%emt 0:00:08]} gxh5 {[%emt 0:00:09]} 23. Qxh5 {[%emt 0:00:05]} Bxc4 {[%emt 0:00:07]} 24. Nc1 {[%emt 0:02:14]} Bxd3 {[%emt 0:00:25]} 25. Nxd3 {[%emt 0:00:07]} e2 {[%emt 0:00:09]} 26. f5 {[%emt 0:01:10]} exf5 {[%emt 0:00:44]} 27. Qxf5 {[%emt 0:00:07]} exf1=Q+ {[%emt 0:00:20]} 28. Kxf1 {[%emt 0:00:05]} c4 {[%emt 0:00:22]} 29. e6 {[%emt 0:00:15]} Rxd3 {[%emt 0:00:09]} 30. Rxd3 {[%emt 0:00:28]} cxd3 {[%emt 0:00:02]} 31. Ng5 {[%emt 0:00:09]} Rf8 {[%emt 0:00:11]} 32. Nf7 {[%emt 0:00:07]} Rxf7 {[%emt 0:00:01]} 33. exf7+ {[%emt 0:00:04]} Qxf7 {[%emt 0:00:01]} 34. Qxf7+ {[%emt 0:00:02]} Kxf7 {[%emt 0:00:02]} 35. Ke1 {[%emt 0:00:01]} Bxb2 {[%emt 0:00:08]} 36. Kd2 {[%emt 0:00:03]} h5 {[%emt 0:00:04]} 37. Kxd3 {[%emt 0:00:01]} h4 {[%emt 0:00:01]} 38. Ke2 {[%emt 0:00:02]} h3 {[%emt 0:00:02]} 39. Kf2 {[%emt 0:00:02]} c5 {[%emt 0:00:05]} 40. Kg3 {[%emt 0:00:03]} c4 {[%emt 0:00:01]} 41. Kxh3 {[%emt 0:00:02]} c3 {[%emt 0:00:01]} 42. Kg3 {[%emt 0:00:02]} c2 {[%emt 0:00:01]} 43. Kf3 {[%emt 0:00:02]} c1=Q {[%emt 0:00:03]} 0-1

[Event "EWCCC Online Preliminary-C 2020"]
[Site "Online"]
[Date "2020.12.19"]
[Round "5.2"]
[White "Gara, Ticia"]
[Black "Head, Louise"]
[Result "1-0"]
[WhiteElo "2383"]
[BlackElo "2090"]
[Annotator "TA"]
[PlyCount "83"]
[EventDate "2020.12.19"]
[EventType "team-tourn"]
[EventCountry "NET"]
[SourceTitle "playchess.com"]
[Source "ChessBase"]
[SourceQuality "1"]

{[%evp 10,83,11,15,27,20,26,35,34,34,38,23,26,-22,-15,-20,12,-16,23,23,26,24,43,-5,19,26,31,18,16,14,18,0,70,-22,-16,-13,-22,-58,-4,-8,-7,-10,-9,-11,-11,-12,-9,-30,39,0,0,0,104,100,227,221,533,501,5064,5060,4714,3391,1899,1009,1006,975,783,999,1002,991,816,947,943,913,29978,12291]} 1. Nf3 {Schulz,André} d5 2. g3 Nf6 3. Bg2 Bf5 4. c4 c6 5. Qb3 Qb6 6. d3 e6 {A11: English Opening: 1...c6.} 7. Be3 Qxb3 8. axb3 a6 {White is slightly better.} 9. Nh4 Bg6 10. f4 {[#]} Be7 $146 ({Predecessor:} 10... Nbd7 11. h3 Bb4+ 12. Kd1 O-O 13. Nd2 Rfd8 14. Kc2 b5 15. Rhd1 a5 16. Nxg6 hxg6 {0-1 (30) Morozevich,A (2711)-Bologan,V (2607) Poikovsky 2015 CBM 169 [Schulz,André]}) 11. Nf3 Nbd7 12. Nc3 Bd6 13. h3 dxc4 14. bxc4 e5 15. Nh4 {Threatens to win with f5.} exf4 16. gxf4 Nh5 17. Rf1 Ng3 18. Rf3 Nf5 19. Nxf5 Bxf5 20. Bf2 f6 (20... O-O $11) 21. e4 (21. d4 $1 $14) 21... Bg6 $11 22. Ne2 Bh5 23. Rg3 Bxe2 (23... g5 $1 $15 24. Bf3 Bxf3 25. Rxf3 Bxf4) 24. Kxe2 g5 $1 25. d4 {[#] aiming for e5.} Bxf4 26. Rb3 O-O-O 27. c5 Rhe8 28. Ra4 Nf8 ({Better is} 28... f5 $11) 29. Rab4 Re7 30. Kf1 Ne6 (30... Bd2 $11 {remains equal.} 31. Ra4 Ng6) 31. d5 $16 cxd5 {A mistake that costs the game.} (31... Bd2 $16 {is a better defense.}) 32. exd5 $18 Ng7 $2 (32... Nxc5 33. Bxc5 Rc7) 33. d6 Red7 (33... Bxd6 $142 34. Bxb7+ Rxb7) 34. Bxb7+ Rxb7 35. Rxb7 {[%csl Gd6][%cal Rb7c7]} Ne6 36. Rb8+ Kd7 37. R3b7+ Kc6 38. Rxd8 Nxd8 39. Rc7+ Kd5 40. Rc8 Ne6 41. d7 Bc7 {[#]} 42. Rxc7 $1 {[%mdl 512] Weighted Error Value: White=0.16/Black=0.60} 1-0

[Event "EWCCC Online Preliminary-C 2020"]
[Site "Online"]
[Date "2020.12.19"]
[Round "5.2"]
[White "Houska, Jovanka"]
[Black "Hoang, Thanh Trang"]
[Result "0-1"]
[WhiteElo "2381"]
[BlackElo "2404"]
[Annotator "NA"]
[PlyCount "46"]
[EventDate "2020.12.19"]
[EventType "team-tourn"]
[EventCountry "NET"]
[SourceTitle "playchess.com"]
[Source "ChessBase"]
[SourceQuality "1"]
[TimeControl "900+5"]

1. d4 {[%emt 0:00:00]} e6 {[%emt 0:00:04]} 2. Nf3 {[%emt 0:00:10]} f5 {[%emt 0:00:03]} 3. g3 {[%emt 0:00:03]} Nf6 {[%emt 0:00:03]} 4. Bg2 {[%emt 0:00:03]} d5 {[%emt 0:00:11]} 5. O-O {[%emt 0:00:09]} Bd6 {[%emt 0:00:06]} 6. c4 {[%emt 0:00:04]} c6 {[%emt 0:00:04]} 7. Bf4 {[%emt 0:00:01]} Bxf4 {[%emt 0:00:11]} 8. gxf4 {[%emt 0:00:02]} O-O {[%emt 0:00:15]} 9. e3 {[%emt 0:00:18]} Qe7 {[%emt 0:00:11]} 10. Nc3 {[%emt 0:00:37]} Nbd7 {[%emt 0:00:42]} 11. c5 {[%emt 0:00:38]} b6 {[%emt 0:00:36]} 12. b4 {[%emt 0:00:03]} Ba6 {[%emt 0:02:57]} 13. Re1 {[%emt 0:00:25]} Ne4 {[%emt 0:00:08]} 14. Qc2 {[%emt 0:00:35]} Bc4 {[%emt 0:00:12]} 15. Na4 {[%emt 0:04:43]} a5 {[%emt 0:01:15]} 16. Nb2 {[%emt 0:00:25]} axb4 {[%emt 0:02:23]} 17. Nxc4 {[%emt 0:00:05]} dxc4 {[%emt 0:00:02]} 18. Qxc4 {[%emt 0:00:15]} bxc5 {[%emt 0:00:06]} 19. dxc5 {[%emt 0:00:32]} Ndxc5 {[%emt 0:00:58]} 20. Rac1 {[%emt 0:03:39]} Ra4 {[%emt 0:01:51]} 21. Ne5 {[%emt 0:00:15]} b3 {[%emt 0:00:20]} 22. Nxc6 {[%emt 0:00:04]} Qb7 {[%emt 0:00:41]} 23. Qxe6+ {[%emt 0:00:04]} Nxe6 {[%emt 0:00:03]} 0-1

[Event "EWCCC Online Preliminary-C 2020"]
[Site "Online"]
[Date "2020.12.19"]
[Round "5.2"]
[White "Gara, Anita"]
[Black "Toma, Katarzyna"]
[Result "1/2-1/2"]
[WhiteElo "2350"]
[BlackElo "2289"]
[Annotator "TA"]
[PlyCount "64"]
[EventDate "2020.12.19"]
[EventType "team-tourn"]
[EventCountry "NET"]
[SourceTitle "playchess.com"]
[Source "ChessBase"]
[SourceQuality "1"]

{[%evp 13,64,23,25,8,25,13,20,0,7,15,26,0,0,0,0,-9,-27,-72,14,12,16,0,0,0,0,0,6,2,9,-314,-315,-302,-281,-278,-299,-467,-453,-464,-137,-137,-103,-119,-78,-118,-92,-153,-143,-168,0,-204,0,-132,0]} 1. e4 c5 2. Nf3 Nc6 3. Bb5 g6 4. Bxc6 dxc6 5. d3 Bg7 6. h3 e5 7. O-O Qe7 8. a4 {8.a3 is the modern continuation. B31: Sicilian: 2...Nc6 3 Bb5 g6.} Nf6 9. a5 O-O 10. Nbd2 {The position is equal.} Nd7 11. Nc4 Re8 12. Bg5 f6 13. Be3 Nf8 14. c3 Be6 {[#]} 15. Nfd2 $146 {[#]} ({Predecessor:} 15. Qc2 Bf7 16. Nfd2 Ne6 17. f4 exf4 18. Bxf4 Nxf4 19. Rxf4 Rad8 20. Raf1 Be6 21. R4f3 {0-1 (31) Kucera,P (2335)-Babula,V (2535) Pribram 1997}) 15... Rad8 (15... Red8 $1 $17) 16. Qc2 $11 f5 {Threatens to win with ...f4.} 17. exf5 gxf5 18. f4 exf4 19. Bxf4 Bd5 20. Ne3 Ng6 21. Nxf5 $2 {[%mdl 8192] [#]} (21. Nxd5 $11 cxd5 22. Bh2) 21... Qe2 $1 $19 {[%csl Gd5][%cal Re2g2][%mdl 512]} 22. Rf2 {[#]} Nxf4 $1 {[%mdl 512]} 23. Rxe2 (23. Rxf4 Qxg2#) 23... Rxe2 24. Nh4 ({Don't go for} 24. Nxg7 $2 Rxg2+ 25. Kf1 Rf8 $19) (24. Qa4 $142 Rxg2+ 25. Kf1 Nxd3 26. Ne7+ Kh8 27. Nxd5 Rxd2 28. Ne3) 24... Nxg2 25. Qd1 Rxd2 $2 (25... Nf4 $19 26. Qf1 Rf8) 26. Qxd2 $17 Nxh4 27. Qe3 Rf8 {...Nf3+ is the strong threat.} 28. Ra4 Nf3+ 29. Kf2 ({Better is} 29. Kf1 Nd4+ 30. Kg1) 29... Nd4+ 30. Kg1 Nf3+ 31. Kf2 Nd4+ 32. Kg1 Nf3+ {Weighted Error Value: White=0.42/Black=0.52} (32... Bb3 $17 33. Rc4 Bxc4 34. dxc4 a6) 1/2-1/2

[Event "EWCCC Online Preliminary-C 2020"]
[Site "Online"]
[Date "2020.12.19"]
[Round "5.2"]
[White "Kalaiyalahan, Akshaya"]
[Black "Papp, Petra"]
[Result "1/2-1/2"]
[WhiteElo "2149"]
[BlackElo "2336"]
[Annotator "TA"]
[PlyCount "146"]
[EventDate "2020.12.19"]
[EventType "team-tourn"]
[EventCountry "NET"]
[SourceTitle "playchess.com"]
[Source "ChessBase"]
[SourceQuality "1"]

{[%evp 20,146,0,0,0,0,0,0,0,0,0,-79,-56,-48,-35,-78,-77,-56,-71,-68,-33,-39,-27,-34,-24,-16,-13,-19,-9,-50,-56,-50,-49,-53,-49,-49,-49,-53,-49,-61,-49,-56,-50,-50,-50,-50,-50,-50,0,-48,0,-50,-20,-50,-50,-50,-50,-50,-50,-57,-57,-57,-50,-50,-41,-41,-41,-41,-33,-42,0,-16,0,-41,-38,-68,-68,-68,-42,-68,-41,-68,-68,-68,-68,-68,-68,-68,-68,-68,-68,-68,-68,-68,-68,-68,-68,-68,-68,-68,-68,-68,-68,-68,-68,-68,-68,-88,-43,-88,-88,-88,-88,-88,-88,-88,-88,-88,-88,-88,0,-32,-32,-32,-32,-32,-32,-32,-32]} 1. d4 Nf6 2. c4 g6 3. g3 Bg7 4. Bg2 O-O 5. Nc3 d6 6. Nf3 Nc6 7. O-O e5 8. dxe5 dxe5 9. Qxd8 Rxd8 10. Bg5 Be6 11. Nd2 h6 {E62: King's Indian: Fianchetto: 6...c6 and Panno Variation (6...Nc6) without ...a6.} 12. Bxf6 Rxd2 $1 {[%mdl 4] is now more promising than 12...Bxf6.} 13. Bxg7 Kxg7 {The position is equal.} 14. b3 Rad8 {[#]} 15. Rfe1 $146 (15. Bxc6 $11 bxc6 16. f3) ({Predecessor:} 15. e3 Rc2 16. Nb5 Rdd2 17. Nxc7 Bf5 18. Rad1 Rxa2 19. Rxd2 Rxd2 20. Ra1 Rb2 21. Ne8+ {½-½ (48) Khademalsharieh,S (2470)-Lagno,K (2560) St Petersburg 2018}) 15... Nd4 {aiming for ...Nc2.} (15... Nb4 $5 {[%cal Rb4c2]} 16. Ne4 Rb2 $15) 16. Rac1 $1 c6 17. e3 Nc2 18. Red1 {[#] Black must now prevent Rxd2.} Nb4 19. Bf3 a5 20. a3 $1 {[%cal Ra3b4]} Na6 21. Nb1 Rxd1+ (21... R2d3 {feels hotter.} 22. Be2 Rxd1+ 23. Rxd1 Ra8 24. Nc3 Nc5) 22. Rxd1 Rxd1+ 23. Bxd1 $15 {[%mdl 4096] Endgame [#] KBN-KBN} a4 $1 {[%mdl 512]} 24. Nd2 (24. bxa4 Bxc4) 24... axb3 25. Bxb3 Nc5 26. Bc2 f5 27. f3 Kf6 28. Kf2 g5 29. Ke2 Ke7 30. Kd1 Kd6 31. Kc1 b6 32. Kb2 Nd7 33. Kc3 Nc5 34. Kb2 Nd7 35. Kc3 Nf6 36. Bd3 g4 {Threatens to win with ...gxf3.} 37. f4 e4 38. Be2 c5 39. Nb3 Bd7 40. Nd2 Ba4 41. Kb2 Ng8 42. Nb1 Ne7 43. Nc3 Bc6 44. Kc1 Ng6 45. Kd2 h5 46. Ke1 h4 47. Kd2 h3 48. Ke1 Nf8 49. Kd2 Nd7 50. Kc2 Nf6 51. Kd2 Bd7 52. Ke1 Be6 53. Kf2 Nd7 54. Ke1 Nb8 55. Kd2 $1 Nc6 56. Nb5+ Kd7 57. Kc3 Ne7 58. Kc2 Ng8 59. Kc3 Nf6 60. Bf1 Nh5 61. Kb3 {Cut Off at move 61} Kc6 62. Nc3 Kd6 63. a4 Nf6 64. Nb5+ Kc6 65. Nc3 Bd7 66. Nb5 Ne8 67. Be2 Kb7 68. Nc3 Bc6 69. Nb5 Bxb5 ({Black should try} 69... Kc8 $17) 70. axb5 Kc7 {Black is slightly better.} 71. Kc3 Kd6 72. Bf1 Nf6 73. Kd2 Ke6 {Weighted Error Value: White=0.08/Black=0.08} 1/2-1/2

[Event "EWCCC Online Preliminary-C 2020"]
[Site "Online"]
[Date "2020.12.19"]
[Round "5.3"]
[White "Girya, Olga"]
[Black "Broly, Mathilde"]
[Result "1-0"]
[WhiteElo "2469"]
[BlackElo "2150"]
[Annotator "TA"]
[PlyCount "97"]
[EventDate "2020.12.19"]
[EventType "team-tourn"]
[EventCountry "NET"]
[SourceTitle "playchess.com"]
[Source "ChessBase"]
[SourceQuality "1"]

{[%evp 11,97,33,43,0,0,14,14,0,7,12,18,5,15,5,26,14,39,-37,-12,-45,-41,-44,6,-14,47,37,39,33,47,52,51,6,52,37,67,79,308,301,249,258,777,721,1106,1074,1321,1374,1377,475,442,384,358,307,275,285,1013,0,0,0,0,-150,-29,-278,0,-169,-154,-146,0,0,0,0,0,0,183,187,160,181,29982,29983,29983,29984,29984,29984,29984,29985,29986,29987,29987,29987]} 1. d4 Nf6 2. c4 g6 3. Nc3 d5 4. cxd5 Nxd5 5. e4 Nxc3 6. bxc3 c5 7. Bg5 {D85: Exchange Grünfeld: Unusual White 7th moves and lines with 7 Nf3.} Bg7 8. Rc1 O-O 9. Nf3 {The position is equal.} Bg4 10. d5 Qd6 11. Be2 Bxf3 12. Bxf3 Nd7 13. O-O c4 14. Be2 (14. Qa4 $14) 14... b5 15. Qd2 Nc5 16. Qe3 {[#]} Rfc8 $146 ({Predecessor:} 16... e5 17. dxe6 Nxe6 18. Rfd1 Qa3 19. Bh4 Rfe8 20. Rd5 Nc7 21. Rd7 Ne6 22. Rd5 Nc7 23. Rd7 Ne6 24. Rd5 Nc7 {½-½ (24) Lysyj,I (2623)-Drygalov,A (2494) Yaroslavl 2019}) 17. f4 Na4 (17... e6 $11) 18. e5 Qxd5 19. Bf3 Qe6 20. Bxa8 Rxa8 21. Rcd1 a5 (21... Qb6 $5 {[%cal Rb6e3]} 22. Rd4 e6 $14) 22. Kh1 $36 {[%mdl 2048] White has some pressure.} f6 23. Qf3 Rb8 $2 (23... Re8 $16 {was necessary.} 24. exf6 exf6) 24. exf6 $18 exf6 25. f5 $1 {[%cal Rf5e6]} Qxf5 $2 (25... Qf7) 26. Qg3 $1 {[%cal Rg3b8]} Qc8 27. Bxf6 Bxf6 28. Rxf6 Rb7 29. Rfd6 (29. Rdf1 $142 {And now Qf4 would win.} Rd7 30. Qe5) 29... Qf5 30. Rd8+ Kg7 31. Qe3 {g4! is the strong threat.} Rf7 32. h3 Qf6 $2 (32... Qf4 33. Qe8 Nc5) 33. Qe8 $2 (33. R1d7 $18) 33... Nxc3 $11 34. Qg8+ Kh6 35. R8d6 (35. R8d7 $11 Re7 36. Rxe7 Qxe7 37. Rf1) 35... Qf5 ({And not} 35... Nxd1 36. Rxf6 Rxf6 37. Qd8 $16) (35... Qg7 $1 $17 {[%cal Rg7g8]} 36. Qxg7+ Kxg7) 36. Re1 $2 (36. R6d4 $1 $11 Nxd1 37. Rh4+ Kg5 38. Rh5+ $1 {[%mdl 576] Decoy} Kxh5 39. g4+ Kh6 40. gxf5 Rxf5 41. Qd8 Nf2+ 42. Kg2) 36... Qf2 $2 {[#]} ({Don't blunder} 36... Nxa2 $2 37. Rd4 $18) (36... Rf8 $19 37. Qe6 Qxe6 38. Rexe6 Nxa2) 37. Rxg6+ $2 (37. Ree6 $1 $11 {[%mdl 512]} Rg7 38. Qd8) 37... hxg6 $19 38. Qh8+ {[#]} Rh7 ({Black should try} 38... Kg5 $1 $17 39. Qd8+ Qf6 40. Qd2+ Qf4 41. Qxc3 b4) 39. Qxc3 $11 {[%mdl 4096] Endgame KQR-KQR} b4 ({Stronger than} 39... Qxa2 40. Qe3+ Kg7 41. Qe5+ Kg8 42. Qb8+ Kg7 43. Re7+ Kh6 44. Qf4+ g5 45. Qf6+ Kh5 46. Rxh7#) 40. Qc1+ Kg7 $1 41. Re7+ Kh8 $2 (41... Kg8 $11 {and Black is okay.} 42. Qxc4+ Rf7) 42. Re8+ $18 Kg7 {Hoping for ...Rh4.} 43. Qxc4 Rh4 $2 (43... Qf6 $18 44. Re6 Qg5) 44. Qg8+ {White mates.} Kh6 45. Qh8+ Kg5 46. Re5+ {[%mdl 64] Double Attack} Qf5 47. Rxf5+ gxf5 48. Qg7+ Kf4 49. g3+ {[%mdl 64] Double Attack.  Weighted Error Value: White=0.61/Black=0.62} 1-0

[Event "EWCCC Online Preliminary-C 2020"]
[Site "Online"]
[Date "2020.12.19"]
[Round "5.3"]
[White "Guichard, Pauline"]
[Black "Pogonina, Natalija"]
[Result "0-1"]
[WhiteElo "2415"]
[BlackElo "2475"]
[Annotator "TA"]
[PlyCount "82"]
[EventDate "2020.12.19"]
[EventType "team-tourn"]
[EventCountry "NET"]
[SourceTitle "playchess.com"]
[Source "ChessBase"]
[SourceQuality "1"]

{[%evp 9,82,13,9,0,7,0,0,-12,-8,0,-11,-6,0,-10,-8,-18,-17,-14,-12,-21,-11,-29,-31,-27,0,-20,-20,-19,-12,-20,-20,-26,-18,-39,-39,-45,15,19,19,-133,-127,-185,-191,-277,-272,-270,-262,-243,-181,-245,-200,-576,-581,-573,-576,-575,-566,-566,-566,-524,-289,-730,-738,-729,-714,-760,-745,-704,-489,-1133,-1120,-1619,-1293,-1085,-1054]} 1. c4 e6 2. Nc3 d5 3. e3 Nf6 4. Nf3 b6 5. b3 Bb7 6. Bb2 {A17: English Opening: 1...Nf6 with ...Bb4.} a6 7. cxd5 exd5 8. Be2 {The position is equal.} Nbd7 9. O-O Bd6 10. Rc1 O-O 11. Nd4 Re8 12. Nf5 Bf8 13. d4 g6 14. Ng3 {[#]} Bg7 $146 ({Predecessor:} 14... Bd6 15. Re1 Nf8 16. Bd3 Qd7 17. Qc2 Ne6 18. Na4 Ng5 19. Nf1 Qg4 20. Qe2 Nh3+ {½-½ (54) Zetocha,C (2307)-Schwarz,D (2339) Slovakia 2015}) 15. Ba3 h5 16. Bf3 Ne4 17. Qc2 {[%cal Rg3e4]} Nxg3 18. hxg3 Nf6 19. Ne2 Rc8 20. Nf4 Ne4 21. Bxe4 Rxe4 22. Qd2 h4 (22... a5 $15) 23. gxh4 $11 Qxh4 24. Rc2 $2 (24. g3 $11 Qf6 25. f3) 24... g5 $1 $17 {[%cal Rg5f4] Black continues to play with concentration.} 25. Ne2 {[#]} (25. g3 $17 Qh8 26. Nd3) 25... Re6 $1 $19 {[%cal Re6h6] And now ...Rh6 would win.} 26. Rfc1 (26. f4 {is a better defense.}) 26... Rh6 {[%csl Gh6][%cal Rh4h1]} 27. f3 a5 28. Qe1 {Strongly threatening Qxh4.} Qh2+ $40 {[%mdl 128] Black wants a kill.} ({Weaker is} 28... Qh5 29. Ng3 $14) 29. Kf2 {[#]} g4 $1 {[%mdl 512]} 30. f4 $2 (30. Qg1 Qh4+ 31. g3) (30. fxg4 Rf6+) 30... Rh3 {[%csl Gg4][%cal Rh3f3]} 31. Qg1 {aiming for Qxh2.} Rf3+ $1 32. Ke1 Qxg1+ 33. Nxg1 Rxe3+ 34. Kd2 Bxd4 35. Rxc7 $2 (35. Ne2 Re4 36. Nxd4 Rxd4+ 37. Ke1) 35... Rxc7 {Black is clearly winning.} 36. Rxc7 Ba6 37. Bb2 Rd3+ {[%mdl 64] Discovered Attack} 38. Kc2 Bxb2 39. Ra7 (39. Kxb2 $142 d4 40. f5) 39... Rg3 40. Kxb2 Rxg2+ {[%mdl 64] Double Attack} 41. Kc3 Bf1 {Weighted Error Value: White=0.74/Black=0.20} 0-1

[Event "EWCCC Online Preliminary-C 2020"]
[Site "Online"]
[Date "2020.12.19"]
[Round "5.3"]
[White "Kovanova, Baira"]
[Black "Nicoara, Malina"]
[Result "1-0"]
[WhiteElo "2328"]
[BlackElo "2066"]
[Annotator "TA"]
[PlyCount "55"]
[EventDate "2020.12.19"]
[EventType "team-tourn"]
[EventCountry "NET"]
[SourceTitle "playchess.com"]
[Source "ChessBase"]
[SourceQuality "1"]

{[%evp 15,55,62,72,68,79,67,121,70,110,72,171,171,187,191,198,114,175,118,177,162,225,211,561,539,568,539,542,541,586,577,578,573,624,609,636,636,633,619,617,547,527,491]} 1. d4 Nf6 2. Nf3 d6 3. Bf4 c6 4. e3 g6 5. h3 Bg7 6. c4 Nbd7 7. Nc3 Qc7 8. Be2 O-O 9. O-O {E61: King's Indian: Early deviations for White, including Smyslov System.} e5 10. Bh2 a6 {[#]} (10... b6 $14) 11. Rc1 (11. c5 $1 $16 {[%mdl 512]}) 11... Re8 12. b4 {[%cal Bb2b4,Bb4c5][%mdl 32]} b6 {[#]} (12... exd4 $16 13. Nxd4 a5) 13. c5 $1 $18 {[%mdl 512]} bxc5 14. bxc5 {[#]} Bf8 $146 ({Predecessor:} 14... d5 15. dxe5 Nxe5 16. Nxe5 Rxe5 17. Bxe5 Qxe5 18. Qd4 Qc7 19. Qf4 Qe7 20. Qd6 Qe8 {½-½ (30) Alvarez Fernandez,E (2170)-Busto Campa,J Santa Clara 2000}) 15. Qd2 (15. Bc4 $18) 15... Bb7 (15... exd4 $16 {was worth a try.} 16. exd4 (16. Qxd4 dxc5 17. Bxc7 cxd4 $14) 16... Qd8) 16. Rfd1 ({White should try} 16. Bc4 $18) 16... Rad8 (16... e4 $16) 17. Qb2 {Threatens to win with cxd6.} Qb8 (17... exd4 $142 18. exd4 Rb8) 18. cxd6 {[%cal Rd4e5]} Bxd6 $2 (18... exd4 {is more resistant.} 19. exd4 (19. Rxd4 c5 $16) 19... Nd5) 19. dxe5 {White is clearly winning.} Nxe5 20. Bxe5 Bxe5 21. Rxd8 {[%mdl 64] Overworked Piece} Rxd8 22. Nxe5 {[%mdl 64] Overworked Piece} Qxe5 23. Qxb7 {[%mdl 64] Double Attack} Rd2 {[#]} 24. Bc4 $1 Nd5 25. Nxd5 cxd5 26. Bb3 Kg7 27. Qc7 Qf6 28. Qc3 {Weighted Error Value: White=0.22/Black=0.49} 1-0

[Event "EWCCC Online Preliminary-C 2020"]
[Site "Online"]
[Date "2020.12.19"]
[Round "5.3"]
[White "Moingt, Anne"]
[Black "Badelka, Olga"]
[Result "0-1"]
[WhiteElo "2076"]
[BlackElo "2427"]
[Annotator "TA"]
[PlyCount "74"]
[EventDate "2020.12.19"]
[EventType "team-tourn"]
[EventCountry "NET"]
[SourceTitle "playchess.com"]
[Source "ChessBase"]
[SourceQuality "1"]

{[%evp 14,74,43,29,40,30,35,31,32,39,36,36,41,43,23,35,50,-2,-12,-29,-21,-20,-22,-18,-22,-22,-20,-40,-25,-151,-143,-147,-148,-150,-96,-113,-56,-64,-66,-74,-37,-35,-51,-182,-166,-175,-180,-385,-283,-500,-227,-1001,-1002,-7940,-10037,-29991,-29992,-29992,-29983,-29993,-29984,-29992,-1776]} 1. e4 c5 2. Nf3 Nc6 3. d4 cxd4 4. Nxd4 e5 5. Nb5 d6 6. N1c3 a6 7. Na3 Be7 8. Nc4 b5 {B32: Sicilian: Löwenthal and Kalashnikov Variations.} 9. Ne3 $1 Nf6 10. Bd3 O-O {White is slightly better.} 11. O-O Nb4 12. Be2 Bb7 13. a3 Nc6 14. Nf5 Re8 {[#]} 15. Nxe7+ $146 (15. Be3 $14) ({Predecessor:} 15. Nd5 Nxd5 16. exd5 Nd4 17. Nxd4 exd4 18. Qxd4 Bf6 19. Qd1 Bxd5 20. Bxb5 axb5 21. Qxd5 {½-½ (57) Morelli,A (2250)-Lopes,R (2159) ICCF email 2011}) 15... Nxe7 $11 16. Bf3 h6 17. Be3 Qc7 18. Qe2 d5 19. exd5 Nexd5 20. Nxd5 Nxd5 21. c3 (21. Bxd5 $11 {keeps the balance.} Bxd5 22. Rfd1) 21... Nf4 $1 $17 {[%cal Rf4e2]} 22. Qc2 Bxf3 23. gxf3 Qe7 (23... Qc6 $142 $1 24. Qe4 Qf6) 24. Kh1 Qh4 ({Black should try} 24... Rac8 $17) 25. Rg1 {[#]} Qh5 $1 {[%mdl 512]} 26. Qe4 f5 $40 {[%mdl 128] Black mounts an attack.} 27. Qb7 {[%csl Gg1][%cal Rb7g7]} Ne6 28. Rad1 {White does not recover from this.} (28. f4 $1 $15) 28... Rab8 $1 $19 {[%cal Rb8b7]} 29. Qc6 f4 $1 {[%cal Rf4e3]} 30. Bc1 $2 (30. Rd6 Ng5 31. Bb6) 30... Ng5 31. Rg4 $2 (31. Rd7) 31... Rbd8 (31... Qh3 $142 {And now ...Rbd8 would win.} 32. Rd7 Kh8) 32. Rdg1 $2 (32. Rd7) 32... Qh3 33. Rxg5 hxg5 34. Rxg5 Rd1+ {Black mates.} 35. Rg1 Rxg1+ 36. Kxg1 Re6 37. Qd5 {[#]} Kh7 {Weighted Error Value: White=0.92/Black=0.16} (37... e4 $142 $1 {[%mdl 512]} 38. Qxe6+ (38. fxe4 f3) 38... Qxe6 39. Kg2 Qg6+ 40. Kf1 exf3 41. h4 {[#]} Qb1 $1 {[%mdl 512]} 42. Kg1 Qxc1+ 43. Kh2 Qf1 44. h5 Qg2#) 0-1